000 01473nam0a2200385 4500
001 RU\NLR\BIBL_A\011998865
005 20190621140623.0
010 _a978-5-903726-31-8
_91000
021 _aRU
_bКН-П-19-024645
_9КН-П-19-1864
035 _a(NLR Aleph) 011998865
035 _a(RuMoRGB)009940398
090 _a11397489
_c11397489
100 _a20190425d2019 k y0rusy50 ca
101 0 _arus
102 _aRU
105 _aa|||z|||000zy
200 1 _aЛогика единого
_fВ. П. Гоч, В. В. Чичев
210 _aСанкт-Петербург
_cИЦДОМ "Айзорэль"
_d2019
215 _a156 с.
_cил., цв. ил.
_d15
300 _aНа тит. л. и обл. авт. также на рун. яз.
320 _aБиблиогр.: с. 151-156 (38 назв.) и в подстроч. примеч.
606 1 _aЭзотерические учения
_2nlr_sh1
_2nlr_sh2
_3RU\NLR\AUTH\66986948
606 1 _aВсеобщее (филос.)
_2nlr_sh1
_2nlr_sh2
_3RU\NLR\AUTH\66977564
610 0 _aметафизика тотальности
610 0 _aтеория тотальности
686 1 _aЭ391,0
686 1 _aЮ212.79
700 1 _aГоч
_bВ. П.
_f1953-
_gВасилий Павлович
_3RU\NLR\AUTH\7728105
701 1 _aЧичев
_bВ. В.
942 _cBOOK
980 _aNBR
980 _aNB